000 01008cad a22002415a 4500
001 E151046
008 100927s2009 xxk f 100 0 eng d
020 _a9781842195192
035 _a(Sirsi) u151047
041 0 _aeng
100 1 _aKeki, Ioanna
111 2 _aConstruction and Building Research Conference
_cUniversity of Cape Town
_d10-11 September 2009
245 0 0 _aInvestigation of market management in construction
_bthe importance of influence and referral markets in business development
_h[electronic resource]
260 _aLondon
_bRICS
_c2009
520 _aA paper presented at the COBRA Conference in Cape Town on 10-11 September 2009.
590 _aKA
650 2 4 _aCONSTRUCTION AND BUILDING RESEARCH CONFERENCE (COBRA)
651 4 _aInternational
690 _aBUILT ENVIRONMENT-CONSTRUCTION MARKET
700 1 _aSmyth, Hedley
856 4 0 _uhttps://www.rics.org/site/scripts/download_info.aspx?fileID=5062&categoryID=524
_zView the item free of charge at www.rics.org
942 _n0
999 _c111112
_d111112